Detekcia aktuálnych parametrov ťahového diagramu materiálu po viacročnej prevádzke

Enregistré dans:
Détails bibliographiques
Auteur principal: Danko, Dávid (Auteur)
Autres auteurs: Chmelko, Vladimír (Directeur de thèse)
Format: Manuscrit Livre
Langue:slovaque
Publié: 2023
Sujets:
Accès en ligne:http://is.stuba.sk/zp/portal_zp.pl?podrobnosti=171006
Tags: Ajouter un tag
Pas de tags, Soyez le premier à ajouter un tag!

MARC

LEADER 00000ntm a22000003a 4500
001 stuzp94768
003 SK-STU
005 20230909223121.2
007 ta
008 150427s2015----xo-----f-mn---000-0-slo-d
040 |a STU  |b slo 
041 0 |a slo 
100 1 |a Danko, Dávid  |u 020010  |4 aut  |U SjF Strojnícka fakulta  |T SjF Ústav aplikovanej mechaniky a mechatroniky  |X 98602  |U J0010  |Y 801  |7 98602 
242 0 1 |a Detection of the current stress-strain curve parameters of material after several years of operation  |y eng 
245 1 0 |a Detekcia aktuálnych parametrov ťahového diagramu materiálu po viacročnej prevádzke 
260 |c 2023 
650 4 |a mechanické vlastnosti  |2 slo 
650 4 |a skúška tvrdosti  |2 slo 
650 4 |a simulácie  |2 slo 
650 4 |a mechanical properties  |2 eng 
650 4 |a hardness  |2 eng 
650 4 |a simulations  |2 eng 
700 1 |a Chmelko, Vladimír  |u 020010  |k Z1  |4 ths  |U SjF Strojnícka fakulta  |T SjF Ústav aplikovanej mechaniky a mechatroniky  |X 2396  |U J0010  |Y 801  |7 A000002396 
856 4 |u http://is.stuba.sk/zp/portal_zp.pl?podrobnosti=171006